000 00829na a2200277 4500
001 17390
003 MIRAKIL
005 20181213154850.0
008 161024b tu 000 0
020 _a9753471009
040 _aMilas
_btur
_cTR-AnCHP
041 _atur
082 _a342.06802632
_bP45d 1999
090 _a342.06802632 P45d 1999
100 _aPınar, İbrahim
245 _aDevlet Memurları Kanunu
_cİbrahim Pınar
246 _aSon değişiklikleriyle 657 sayılı Devlet Memurları Kanunu
250 _a13. bs
260 _aAnkara
_bSeçkin
_c1999
300 _a412 s.
_c14 sm.
490 _aKanun Metinleri serisi
_v5
650 _aKamu personelleri
_xKanunlar
_zTürkiye
650 _aDevlet memurları
_xKanunlar
_zTürkiye
651 _aTürkiye
_xDevlet Memurları Kanunu, 1965
942 _2ddc
_cBKS
999 _c2246
_d2246